Online Catalogue and eLibrary

The bodies of women : (Record no. 769)

MARC details
000 -LEADER
fixed length control field 00477nam a2200181Ia 4500
005 - DATE AND TIME OF LATEST TRANSACTION
control field 20240710024612.0
008 - FIXED-LENGTH DATA ELEMENTS--GENERAL INFORMATION
fixed length control field 240331s9999 xx 000 0 und d
020 ## - INTERNATIONAL STANDARD BOOK NUMBER
ISBN 0415097835
082 ## - DDC Classification
Class No. 176
Item Number - Author Mark DIP
100 ## - MAIN ENTRY--PERSONAL NAME
Personal name Diprose, R
245 #4 - TITLE STATEMENT
Title The bodies of women :
Remainder of title ethics, embodiment and sexual difference
260 ## - PUBLICATION, DISTRIBUTION, ETC.
Place of publication, distribution, etc. London
Name of publisher, distributor, etc. Routledge
Date of publication, distribution, etc. 1994
300 ## - PHYSICAL DESCRIPTION
Extent (e.g. Volumes, Pages etc.) xi, 148 p.,
650 ## - SUBJECT ADDED ENTRY--TOPICAL TERM
Topical term or geographic name entry element Feminist ethics
650 ## - SUBJECT ADDED ENTRY--TOPICAL TERM
Topical term or geographic name entry element Sexual Difference
650 ## - SUBJECT ADDED ENTRY--TOPICAL TERM
Topical term or geographic name entry element Feminist Theory
942 ## - Koha item type (Biblio)
Koha item type Books in Stacks (Lending)
Holdings
Lost status Damaged status Collection code Home library Current library Shelving location Date acquired Full call number Accession Number Item type
    Lending WERC Library WERC Library Social Science Cupboard 03/31/2024 176 DIP 2708 Books in Stacks (Lending)

© WERC Library